[Event "Schach Nienberge 2 - SK Gescher 1"]
[Site "Verbandsklasse 2015/2016"]
[Date "2016.01.23"]
[Round "5.6"]
[White "Hagemann, Lars"]
[Black "Robers, Frank"]
[Result "0-1"]
[WhiteElo "1690"]
[BlackElo "1701"]
[PlyCount "100"]
[EventDate "2016.??.??"]
[SourceDate "2015.10.31"]

1. e4 c5 2. Nf3 d6 3. d4 cxd4 4. Nxd4 Nf6 5. Nc3 g6 6. f4 Bg7 7. e5 Nh5 8. Bb5+
Bd7 9. g4 Nxf4 10. exd6 O-O 11. Bxf4 e5 12. Ne6 Bxe6 13. Bg3 Qc8 14. h3 Nc6 15.
Qd2 Nd4 16. Be2 Qc6 17. O-O-O Rfd8 18. Qe3 Rac8 19. Bd3 Qxd6 20. Nb5 Qf8 21.
Bxe5 Bxe5 22. Qxe5 Rc5 23. Qf6 Nc6 24. a3 Qh6+ 25. Kb1 Qg5 26. Qxg5 Rxg5 27.
Be2 Rgd5 28. Rxd5 Rxd5 29. Kc1 Nd4 30. Nxd4 Rxd4 31. Rd1 Rxd1+ 32. Kxd1 h5 33.
Kd2 hxg4 34. hxg4 g5 35. Kd3 f5 36. Kd4 fxg4 37. Ke5 Kf7 38. Bf1 Ke7 39. b4 Bd7
40. Bg2 Bc6 41. Bxc6 bxc6 42. Ke4 Kd6 43. c4 Kc7 44. Ke3 Kd6 45. Kf2 Ke5 46.
Kg3 Kd4 47. b5 cxb5 48. cxb5 Kc5 49. Kxg4 Kxb5 50. Kxg5 Ka4 0-1

[Event "Schach Nienberge 2 - SK Gescher 1"]
[Site "Verbandsklasse 2015/2016"]
[Date "2016.01.23"]
[Round "5.7"]
[White "Creutzburg, Frank"]
[Black "Albustin, Benedikt"]
[Result "1-0"]
[WhiteElo "1496"]
[BlackElo "1886"]
[PlyCount "51"]
[EventDate "2016.??.??"]
[SourceDate "2015.10.31"]

1. Nf3 d5 2. d4 Nf6 3. c4 g6 4. Nc3 Bg7 5. Bg5 Ne4 6. e3 c5 7. Be2 Nxg5 8. Nxg5
e5 9. Nf3 exd4 10. exd4 cxd4 11. Nxd5 Nc6 12. O-O O-O 13. Bd3 b5 14. Qc2 Be6
15. Nf4 Nb4 16. Qd2 Nxd3 17. Nxe6 fxe6 18. Qxd3 bxc4 19. Qxc4 Qb6 20. Rfe1 Qxb2
21. Qxe6+ Kh8 22. Rab1 Qc2 23. Rb7 d3 24. Qe7 Rg8 25. Ne5 Raf8 26. Nxg6+ 1-0

[Event "Schach Nienberge 2 - SK Gescher 1"]
[Site "Verbandsklasse 2015/2016"]
[Date "2016.01.23"]
[Round "5.8"]
[White "Jörgensmann, Rolf"]
[Black "Brands, Julian"]
[Result "0-1"]
[WhiteElo "1699"]
[BlackElo "1527"]
[PlyCount "76"]
[EventDate "2016.??.??"]
[SourceDate "2015.10.31"]

1. e4 c5 2. Nf3 d6 3. c3 Nf6 4. Qc2 Qc7 5. Be2 g6 6. O-O Bg7 7. d4 cxd4 8. Nxd4
Nc6 9. Nb5 Qd7 10. Be3 O-O 11. Nd2 Ng4 12. Bxg4 Qxg4 13. f3 Qd7 14. Nd4 b6 15.
N2b3 Ba6 16. Rfd1 Ne5 17. Bf2 Rac8 18. f4 Ng4 19. h3 Nxf2 20. Qxf2 Rfd8 21. Re1
e5 22. fxe5 dxe5 23. Nf3 Rc6 24. Rac1 Rd6 25. c4 Qe7 26. c5 bxc5 27. Qxc5 Rc8
28. Qa5 Rxc1 29. Rxc1 Bh6 30. Rc7 Qd8 31. Rxa7 Be3+ 32. Kh2 Bxa7 33. Qxe5 Bb8
34. Qg3 Re6 35. e5 Qd5 36. Qf2 Bxe5+ 37. g3 Bc7 38. Nc5 Re2 0-1

[Event "Indische Dame Münster 1 - Südlohner SV"]
[Site "Verbandsklasse 2015/2016"]
[Date "2016.01.23"]
[Round "5.3"]
[White "Harbers, Gerard"]
[Black "Frie, Michael"]
[Result "1-0"]
[WhiteElo "1856"]
[BlackElo "1882"]
[PlyCount "61"]
[EventDate "2016.??.??"]
[SourceDate "2015.10.31"]

1. e4 d5 2. exd5 Qxd5 3. Nc3 Qa5 4. d4 c6 5. Bc4 Nf6 6. Nge2 Bf5 7. O-O e6 8.
Ng3 Bg6 9. Qe2 Nd5 10. Nxd5 cxd5 11. Bd2 Qd8 12. Bb5+ Nc6 13. f4 h5 14. f5 h4
15. fxg6 hxg3 16. gxf7+ Kd7 17. hxg3 Qb6 18. c3 a6 19. Ba4 Qc7 20. Rae1 Qd6 21.
Bf4 Qe7 22. Qe5 Rc8 23. Bg5 Qd6 24. Qe3 b5 25. Bd1 Nd8 26. Bg4 Be7 27. Bf4 Qc6
28. Be5 Bf8 29. Qg5 Rh7 30. Bh5 a5 31. Bg6 1-0

[Event "Indische Dame Münster 1 - Südlohner SV"]
[Site "Verbandsklasse 2015/2016"]
[Date "2016.01.23"]
[Round "5.4"]
[White "Tenberge, Norbert"]
[Black "Telöken, Stefan"]
[Result "1-0"]
[WhiteElo "1832"]
[BlackElo "1770"]
[PlyCount "77"]
[EventDate "2016.??.??"]
[SourceDate "2015.10.31"]

1. d4 d5 2. Nf3 e6 3. Bf4 Nf6 4. e3 Be7 5. Bd3 O-O 6. Nbd2 c5 7. dxc5 Bxc5 8.
O-O Nc6 9. Nb3 Be7 10. h3 b6 11. c4 Nb4 12. Be2 Ba6 13. cxd5 Qxd5 14. Bxa6 Qxd1
15. Rfxd1 Nxa6 16. Rac1 Rac8 17. Nbd4 Nb8 18. Nb5 a6 19. Nd6 Bxd6 20. Bxd6 Rfd8
21. Ne5 h6 22. Bxb8 Rxd1+ 23. Rxd1 Rxb8 24. Rd6 Rb7 25. Rd8+ Kh7 26. Ra8 a5 27.
Ra6 g6 28. b3 Kg7 29. Kf1 Kf8 30. Nc4 Nd7 31. f3 Ke7 32. e4 e5 33. Ke1 Rb8 34.
g4 Kd8 35. a3 Kc7 36. b4 Kb7 37. b5 Kc7 38. Ra7+ Kd8 39. Nd6 1-0

[Event "Indische Dame Münster 1 - Südlohner SV"]
[Site "Verbandsklasse 2015/2016"]
[Date "2016.01.23"]
[Round "5.5"]
[White "Musholt, Joachim"]
[Black "ter Veen, Michael"]
[Result "0-1"]
[WhiteElo "1668"]
[BlackElo "1755"]
[PlyCount "104"]
[EventDate "2016.??.??"]
[SourceDate "2015.10.31"]

1. e4 c5 2. Nf3 g6 3. c4 Bg7 4. d4 cxd4 5. Nxd4 Nc6 6. Nxc6 bxc6 7. Be2 d6 8.
O-O Qc7 9. Qc2 Nf6 10. Nc3 O-O 11. Bf4 Bg4 12. f3 Bd7 13. Rad1 Rab8 14. Kh1 Nh5
15. Bc1 f5 16. g4 fxg4 17. fxg4 Nf6 18. h3 Be6 19. b3 Nd7 20. Nb1 Qa5 21. Bd2
Qe5 22. Kg2 Nc5 23. Bf3 Rf7 24. Rf2 Rbf8 25. Rdf1 Qd4 26. Bc3 Qd3 27. Bxg7 Rxf3
28. Qxd3 Rxf2+ 29. Rxf2 Rxf2+ 30. Kxf2 Nxd3+ 31. Ke3 Nc1 32. Bd4 c5 33. Bxc5
dxc5 34. Nc3 Kf7 35. Kd2 Nxa2 36. Nxa2 Kf6 37. Ke3 Kg5 38. Nc3 h5 39. gxh5 gxh5
40. Nd5 Bxh3 41. Nxe7 Bd7 42. Kf3 h4 43. Nd5 Bg4+ 44. Kg2 Bd1 45. b4 cxb4 46.
Nxb4 Kf4 47. e5 a5 48. Nd3+ Ke3 49. Nb2 Bg4 50. c5 Kd4 51. c6 Kc5 52. c7 Kb6
0-1

[Event "Indische Dame Münster 1 - Südlohner SV"]
[Site "Verbandsklasse 2015/2016"]
[Date "2016.01.23"]
[Round "5.6"]
[White "Overesch, Dieter"]
[Black "Emming, Benedikt"]
[Result "0-1"]
[WhiteElo "1690"]
[BlackElo "1726"]
[PlyCount "72"]
[EventDate "2016.??.??"]
[SourceDate "2015.10.31"]

1. d4 d5 2. Nf3 Nf6 3. e3 e6 4. Bd3 c5 5. c3 Nc6 6. Nbd2 Be7 7. O-O O-O 8. Qe2
b6 9. dxc5 Bxc5 10. e4 Qc7 11. h3 Nh5 12. Qd1 Nf4 13. Nb3 Nxd3 14. Qxd3 Ne5 15.
Nxe5 Qxe5 16. exd5 Qxd5 17. Qxd5 exd5 18. Rd1 Be6 19. Bf4 Rfd8 20. Be5 Bf5 21.
Rd2 Rd7 22. Bd4 Be7 23. Re1 f6 24. g4 Bg6 25. Red1 f5 26. Be5 fxg4 27. hxg4
Rad8 28. Nd4 Bf7 29. Re2 Bc5 30. Nb3 Be6 31. g5 Bg4 32. Rdd2 Bxe2 33. Rxe2 Re8
34. Kg2 Bd6 35. f4 Bxe5 36. fxe5 Rde7 0-1

[Event "Indische Dame Münster 1 - Südlohner SV"]
[Site "Verbandsklasse 2015/2016"]
[Date "2016.01.23"]
[Round "5.7"]
[White "van de Laar, Han"]
[Black "Brambrink, Ulf"]
[Result "0-1"]
[WhiteElo "1651"]
[BlackElo "1718"]
[PlyCount "50"]
[EventDate "2016.??.??"]
[SourceDate "2015.10.31"]

1. Nf3 c5 2. c4 Nc6 3. e3 e5 4. Nc3 d6 5. d3 Nf6 6. Be2 g6 7. O-O Bg7 8. a3 O-O
9. Rb1 Be6 10. b4 b6 11. Bd2 Ng4 12. h3 Nh6 13. e4 f6 14. Nd5 Qd7 15. Kh2 Nf7
16. b5 Ne7 17. Ne3 f5 18. exf5 gxf5 19. Ng1 f4 20. Nc2 Nh6 21. Qe1 Rf6 22. Bf3
Raf8 23. Qe2 Nhf5 24. Bc3 Rh6 25. Be4 Kh8 0-1

[Event "Indische Dame Münster 1 - Südlohner SV"]
[Site "Verbandsklasse 2015/2016"]
[Date "2016.01.23"]
[Round "5.8"]
[White "Godoy Herrera, Carlos"]
[Black "Höing, Johannes"]
[Result "0-1"]
[WhiteElo "1704"]
[BlackElo "1793"]
[PlyCount "104"]
[EventDate "2016.??.??"]
[SourceDate "2015.10.31"]

1. d4 Nf6 2. Nf3 g6 3. Bg5 Bg7 4. e3 O-O 5. Nbd2 d6 6. Bd3 Nbd7 7. c3 h6 8. Bh4
e5 9. Qb3 Kh7 10. h3 Qe8 11. dxe5 dxe5 12. Qc2 Nc5 13. e4 Nxd3+ 14. Qxd3 Nh5
15. Bg3 Nf4 16. Bxf4 exf4 17. O-O-O c5 18. Qd6 Qe6 19. Qxe6 Bxe6 20. Nb3 b6 21.
Kc2 Rfd8 22. Rxd8 Rxd8 23. Rd1 Rxd1 24. Kxd1 g5 25. Nfd2 Kg6 26. Ke2 Kf6 27.
Kd3 Ke7 28. Nc1 f5 29. exf5 Bxf5+ 30. Kc4 Kd6 31. Kb5 Bc8 32. a4 Kc7 33. Kc4
Kc6 34. b4 Be6+ 35. Kd3 cxb4 36. cxb4 Kd5 37. f3 Bf5+ 38. Ne4 Bd4 39. Ne2 Bb2
40. h4 Ke5 41. hxg5 hxg5 42. Ng1 Bxe4+ 43. fxe4 g4 44. Ne2 a6 45. b5 a5 46. Ng1
Bd4 47. Ne2 Bc5 48. Nc1 f3 49. gxf3 g3 50. Ne2 g2 51. f4+ Ke6 52. Kc4 g1=Q 0-1